000 00850nam a2200229Ia 4500
003 OSt
005 20200814155703.0
008 191128s2016 ck gr 000 0dspa d
040 _aCO-JMCR
_cCO-JMCR
041 0 _aspa
082 0 4 _a344.861031614 /
_bC657r
_223
100 1 _aCobo Soto, Álvaro José,
_eautor
_98802
245 1 0 _aReflexiones sobre el subsidio familiar /
_cÁlvaro José Cobo Soto
260 _a[Bogotá :
_bAsocajas,
_c2016?]
300 _a235 páginas ;
_c21 cm.
500 _aIncluye datos biográficos del autor en la tapa posterior.
505 0 _aGeneración de valor -- Generación de opinión -- Principales normas del subsidio familiar
650 1 4 _aSubsidios familiares
_xjurisprudencia
_zColombia
_98803
650 1 4 _aDerecho laboral
_zColombia
_98055
650 1 4 _aSeguridad social
_zColombia
_97785
942 _2ddc
_cBK
999 _c6311
_d6311